000 00887nam a2200289Ia 4500
001 dia_3449
003 CHAP
005 20251027150854.0
008 220117s1987 xx 000 0 und d
010 _a173912
020 _a84-200-0609-2
040 _cCHAP
082 _a637.1277 R6Y
100 _aRobinson, R. K.
_998009
245 _aMicrobiología lactologíca /
_c R. K. Robinson
260 _aZaragoza, España :
_b Acribia,
_c1987
300 _a2 v.
503 _aV.1 I.145603; V.2 I.145604
505 _aV.1 Microbiología de la leche, v.2 Microbiología de los productos lacteos
650 _a1.Leche
_xbacteriología
_9154699
650 _aMicrobiología
_975490
650 _aProductos lacteos
_xmicrobiología
_992146
901 _a637.1277 R6Y
902 _aM
905 _a0000001987 SP A 0000000000SPA00
942 _cLIBRO
_2ddc
999 _c173912
_d173912